000 00597pam a2200217 a 4500
001 1442578
005 20180103073411.0
008 850621s1985 nyu b 001 0 eng
010 _a 85015864
020 _a0816011605 :
_c$12.95
040 _aDLC
_cDLC
_dDLC
041 _aeng
080 _a651.3 BOO
082 0 0 _a651.3 BOO
_219
100 1 _a53
101 _aMEN
245 1 4 _aThe new secretary :
_cDianna Booher.
504 _aBibliography: p. [320]-329.
906 _a7
_bcbc
_corignew
_d1
_eocip
_f19
_gy-gencatlg
942 _2ddc
_cBK
999 _c39637
_d39637